[Event "USA-ch Girls 2017"]
[Site "Saint Louis"]
[Date "2017.07.15"]
[Round "7"]
[White "Gorti, Akshita"]
[Black "Bykovtsev, Agata"]
[Result "1-0"]
[WhiteElo "2232"]
[BlackElo "2045"]
[Annotator "TA"]
[PlyCount "97"]
[EventDate "2017.??.??"]
[EventType "tourn"]
[EventCountry "USA"]
[SourceTitle "playchess.com"]
[Source "ChessBase"]
[SourceQuality "1"]

{[%evp 13,97,28,53,-8,31,17,17,22,31,31,71,72,68,67,83,84,97,97,97,97,127,139,187,177,170,163,204,190,212,170,231,182,205,221,318,295,340,350,454,365,372,369,415,450,645,648,638,635,632,634,938,941,959,936,984,941,1076,1055,1135,1136,1903,1885,5895,5887,5473,5114,4469,3679,29987,29988,29989,29990,29991,29992,29992,29992,29992,29992,29992,29992,29992,29990,29990,29991,29997,29998]} 1. d4 Nf6 2. c4 g6 3. Nc3 Bg7 4. e4 d6 5. h3 O-O 6. Be3 e5 7. d5 a5 8. c5 {E71: King's Indian: 4 e4 d6 5 h3} (8. Qd2 $14) (8. g4 Na6 9. Nge2 h5 10. Ng3 h4 11. Nge2 Nh7 12. Qd2 Bf6 13. Bg2 Bg5 14. f4 exf4 15. Nxf4 Bd7 {½-½ (47) Rodshtein,M (2698)-Demchenko,A (2629) Minsk 2017}) 8... Na6 9. cxd6 cxd6 10. Nf3 {The position is equal.} Bd7 11. Nd2 Nc5 12. Bxc5 dxc5 13. a4 Ne8 14. Bb5 $146 ({Predecessor:} 14. Qb3 Nd6 15. Nc4 Nxc4 16. Bxc4 {1-0 (27) Ondersteijn,N (2415)-Beekman,R (2235) Netherlands 2016}) 14... Bc8 15. Bxe8 Rxe8 16. O-O f5 17. Nc4 f4 18. d6 Be6 19. Nd5 Qg5 20. Ra3 Rf8 21. Ndb6 Rad8 (21... Ra6 $142 22. Rd3 Qd8) 22. Kh1 (22. Nxa5 f3 $16) 22... Rf7 23. f3 (23. Nxa5 $6 Qh4 $14) 23... Bf8 (23... Qh4 {was necessary.} 24. Qd2 (24. Nxa5 Bf8 $16) 24... g5) 24. Rd3 Qh5 25. Qd2 ({Less strong is} 25. Nxa5 Bxh3 26. Kg1 Qg5 $16) 25... Bg7 26. b3 g5 {and the idea ...g4 leaves Black hopeful.} 27. Kg1 Qg6 28. Qxa5 Rdf8 (28... Bxc4 $142 29. Nxc4 Rfd7 30. Qxc5 Qe6) 29. d7 $18 Rd8 30. Qxc5 Bxc4 31. Nxc4 Bf8 32. Qc7 Qf6 33. Nxe5 {[%cal Bc4e5,Be5g4,Bg4h6,Bh6f5][%mdl 32]} Rg7 34. Rfd1 h5 35. Rd5 g4 36. hxg4 h4 37. g5 Qxg5 38. Ng4 Qe7 39. Nh6+ Kh7 40. Nf5 Rxg2+ 41. Kxg2 {White mates.} Qg5+ 42. Kh2 h3 43. Rg1 Qf6 44. e5 Qxf5 45. Qxd8 Qc2+ 46. Kh1 Qf2 47. Qh4+ ({Not} 47. Qxf8 Qxf3+ 48. Kh2 Qe2+ 49. Kh1 (49. Kxh3 Qh5+ 50. Kg2 Qe2+ 51. Kh3 Qh5+ 52. Kg2 Qe2+ 53. Kh3 $11) 49... Qf3+ 50. Kh2 Qe2+ 51. Kxh3 Qh5+ 52. Kg2 Qe2+ 53. Kh1 Qh5+ 54. Kg2 Qe2+ 55. Kh3 Qh5+ 56. Kg2 $11) 47... Qxh4 48. d8=Q Qf2 49. Rd7+ {Precision: White = 84%, Black = 28%.} 1-0

[Event "USA-ch Girls 2017"]
[Site "Saint Louis"]
[Date "2017.07.15"]
[Round "7"]
[White "Virkud, Apurva"]
[Black "Nguyen, Emily"]
[Result "1/2-1/2"]
[WhiteElo "2213"]
[BlackElo "2048"]
[Annotator "TA"]
[PlyCount "118"]
[EventDate "2017.??.??"]
[EventType "tourn"]
[EventCountry "USA"]
[SourceTitle "playchess.com"]
[Source "ChessBase"]
[SourceQuality "1"]

{[%evp 15,118,29,52,55,51,66,57,-18,-15,-12,-18,-11,-13,-25,-19,-8,-9,0,-6,-5,0,-30,-4,-9,-9,-16,-8,-14,-10,-13,-9,-14,0,-14,-19,-68,-82,-74,-54,-84,-82,-87,-29,-26,-51,-36,-6,-25,0,0,0,0,64,70,63,70,70,19,23,19,39,0,0,-4,-12,-21,-7,-8,0,0,0,0,0,0,0,0,0,0,0,0,0,-127,-4,-8,0,0,0,0,0,0,0,0,0,0,0,0,0,0,0,0,0,0,0,0,0]} 1. d4 d5 2. c4 c6 3. Nc3 Nf6 4. Nf3 e6 5. Bg5 Nbd7 6. e3 Qa5 7. Nd2 Bb4 8. Qc2 e5 9. Bxf6 {D52: Queen's Gambit Declined: Cambridge Springs Variation} Nxf6 10. dxe5 Ne4 {[%cal Re4c3]} 11. Rc1 (11. cxd5 $14 Nxd2 12. Qxd2) (11. cxd5 Nxc3 12. bxc3 Bxc3 13. Rc1 Bxd2+ 14. Qxd2 Qxd5 15. Qxd5 cxd5 16. Rc7 O-O {½-½ (26) Bluvshtein,M (2520)-Miton,K (2648) Montreal 2007}) 11... Nxd2 $11 12. Qxd2 {[%cal Rc4d5]} dxc4 $1 13. a3 $146 ({Predecessor:} 13. Bxc4 Qxe5 14. O-O O-O 15. a3 Bd6 16. f4 Qe7 17. e4 {½-½ (31) Santos Garay Cordovil,S (2003)-Martin Duque,J (1930) Galapagar 2009}) 13... Be7 14. Qd4 Be6 15. Bxc4 Rd8 16. Qe4 Bxc4 17. Qxc4 Qxe5 18. Qe4 Qf6 19. O-O O-O 20. Qa4 a6 21. Rfd1 Qe5 22. Qb3 b5 23. g3 h5 24. Ne2 c5 {[%cal Bc6c5,Bc5c4][%mdl 32]} 25. Nf4 {next Ng6 is good for White.} c4 26. Qc2 g6 27. Ne2 Bf6 28. Nd4 Qc5 (28... h4 $17) 29. b3 $1 {[%cal Rb3c4]} Rc8 30. bxc4 bxc4 31. Qa4 (31. Ne6 $5 fxe6 32. Qxg6+ Bg7 33. Qxe6+ (33. Rd7 $2 Qe5 $19) 33... Rf7 34. Rd5 $15) 31... Bxd4 32. Rxd4 c3 33. Rd3 Qf5 ({Better is} 33... Rfd8 $11 34. Rdxc3 (34. Rcxc3 Qxc3 35. Rxc3 Rxc3 $14) 34... Qxc3 35. Rxc3 Rxc3) 34. Rdxc3 Rxc3 35. Rxc3 $14 {[%mdl 4096] Endgame KQR-KQR} Rb8 36. Rc1 ({White should play} 36. e4 $14 Qe5 37. Qc4) 36... Rb2 $11 37. Rf1 a5 38. e4 Qc5 39. Qe8+ Kg7 40. a4 Qd4 (40... h4 $5) 41. Qe7 Re2 42. Qc7 Qxa4 43. Qe5+ Kh7 44. Ra1 Qb4 45. Qd5 Kg7 46. Qe5+ Kh7 47. Qd5 Kg8 {Strongly threatening ...Rxf2!} 48. e5 (48. Qxa5 $11 Qd4 49. Rf1) 48... Qb2 (48... Qc3 $17 49. Rb1 Kg7) 49. Rxa5 {The position is equal.} Rxf2 50. e6 Rf6 ({Stronger than} 50... Rxh2 51. exf7+ Kh7 52. f8=Q Rh1+ 53. Kxh1 Qb1+ 54. Kh2 Qc2+ 55. Kh3 Qf5+ 56. Qdxf5 gxf5 57. Ra7+ Kg6 58. Qg7#) 51. exf7+ Rxf7 52. Qa8+ Kh7 {[#] ( -> ...Qf2+)} 53. Ra1 $1 Qf2+ (53... h4 $5) 54. Kh1 Qd4 (54... Qe2 $5 {[%cal Rf7f1]} 55. h3 Qb2 $15) 55. Re1 Kh6 56. Qc6 Qf2 57. Qc1+ Kh7 58. Qe3 Qa2 59. Qe4 Qf2 {Precision: White = 62%, Black = 50%.} 1/2-1/2

[Event "USA-ch Girls 2017"]
[Site "Saint Louis"]
[Date "2017.07.15"]
[Round "7"]
[White "Ulrich, Rachel J"]
[Black "Cervantes Landeiro, Thalia"]
[Result "1/2-1/2"]
[WhiteElo "2049"]
[BlackElo "2032"]
[Annotator "NA RC"]
[PlyCount "94"]
[EventDate "2017.??.??"]
[EventType "tourn"]
[EventCountry "USA"]
[SourceTitle "playchess.com"]
[Source "ChessBase"]
[SourceQuality "1"]
[TimeControl "40/5400+30:1800+30"]

{[%evp 22,94,-7,-2,-5,-8,32,28,37,10,39,16,13,24,7,17,36,15,27,32767,58,24,72,54,52,32767,32767,32767,32767,41,32767,32767,39,32767,43,32767,32767,32767,32767,32767,32767,57,64,69,66,66,80,39,63,63,161,149,161,174,179,182,207,151,167,114,236,163,214,130,32767,32767,32767,32767,32767,32767,32767,32767,32767,32767,99]} 1. e4 {[%emt 0:00:00]} e5 {[%emt 0:00:05]} 2. Nf3 {[%emt 0:00:00]} Nc6 {[%emt 0:00:05]} 3. Bb5 {[%emt 0:00:00]} Nf6 {[%emt 0:00:08]} 4. d3 {[%emt 0:00:00]} Bc5 {[%emt 0:00:05]} 5. O-O {[%emt 0:00:00]} d6 {[%emt 0:00:19]} 6. Nbd2 {[%emt 0:00:27] C65: Ruy Lopez: Berlin Defence (3...Nf6), unusual lines and 4 0-0 Bc5} O-O {[%emt 0:00:16]} 7. Bxc6 {[%emt 0:00:02]} bxc6 {[%emt 0:00:07]} 8. h3 {[%emt 0:00:06]} Re8 {[%emt 0:00:59]} 9. Re1 {[%emt 0:00:12]} a5 {[%emt 0:03:25]} 10. a4 {[%emt 0:03:25]} h6 {[%emt 0:07:42]} 11. Nc4 $146 {[%emt 0:06:10]} ({Predecessor:} 11. Nf1 Nh5 12. c3 Qf6 13. d4 Bb6 {1-0 (35) Idani,P (2496)-Bacrot,E (2712) Nakhchivan 2015}) 11... Be6 {[%emt 0:06:03]} 12. b3 {[%emt 0:01:03]} Nd7 {[%emt 0:12:15]} 13. Bd2 {[%emt 0:00:56]} Bb6 {[%emt 0:02:23]} (13... Bxc4 $5 14. bxc4 Qf6 $11) 14. Nxb6 {[%emt 0:05:35]} cxb6 {[%emt 0:00:18]} 15. d4 {[%emt 0:00:04]} Qc7 {[%emt 0:02:11]} 16. Bc3 {[%emt 0:01:53]} Rad8 {[%emt 0:01:20]} 17. Bb2 {[%emt 0:03:05]} f6 {[%emt 0:03:32]} 18. c4 {[%emt 0:06:18]} exd4 {[%emt 0:03:36]} 19. Nxd4 {[%emt 0:00:06]} Nc5 {[%emt 0:01:18]} 20. Qf3 {[%emt 0:04:15]} Bc8 {[%emt 0:07:04]} 21. Re3 {[%emt 0:08:29]} Ne6 {[%emt 0:04:21]} 22. Nf5 {[%emt 0:02:22]} Ng5 {[%emt 0:02:24]} 23. Qf4 {[%emt 0:00:15]} Bxf5 {[%emt 0:14:03]} 24. Qxf5 {[%emt 0:00:43]} Qd7 {[%emt 0:07:57]} 25. Qf4 {[%emt 0:00:53]} Ne6 {[%emt 0:01:51]} 26. Qh4 {[%emt 0:05:39]} Nc5 {[%emt 0:01:27]} 27. Rd1 {[%emt 0:02:02]} Qf7 {[%emt 0:02:40]} 28. Ba3 {[%emt 0:03:25]} Kh7 {[%emt 0:00:30]} 29. Qf4 {[%emt 0:03:13]} Re5 {[%emt 0:07:05]} 30. Bxc5 {[%emt 0:00:09]} bxc5 31. Red3 {[%emt 0:03:50]} Qe6 {[%emt 0:00:28]} 32. Qd2 {[%emt 0:01:13]} Rxe4 {[%emt 0:02:31]} 33. Rxd6 {[%emt 0:06:49]} Rxd6 {[%emt 0:01:10]} 34. Qxd6 {[%emt 0:00:05]} Re1+ {[%emt 0:01:19]} 35. Kh2 {[%emt 0:00:54]} Qxd6+ {[%emt 0:00:34]} (35... Qe7 $16 {was necessary.}) 36. Rxd6 {[%emt 0:00:05]} Rb1 {[%emt 0:00:23]} 37. Rxc6 {[%emt 0:00:03]} Rxb3 {[%emt 0:00:16]} 38. Rxc5 {[%emt 0:00:04]} Rb4 {[%emt 0:00:06]} 39. Rxa5 {[%emt 0:00:05]} Rxc4 {[%emt 0:00:04]} 40. g4 {[%emt 0:00:00]} ({Better is} 40. g3 $18) 40... Rc2 {[%emt 0:01:15]} (40... Rd4 $16 {was worth a try.} 41. Ra8 Rd3) 41. Kg3 {[%emt 0:01:16]} Ra2 {[%emt 0:01:00] [#]} 42. Ra7 {[%emt 0:00:58]} (42. h4 $1 $18) 42... Ra3+ {[%emt 0:01:29]} 43. f3 {[%emt 0:00:07]} Kg6 {[%emt 0:01:07]} 44. Ra5 {[%emt 0:03:00]} Kh7 {[%emt 0:02:58]} 45. h4 {[%emt 0:00:10]} g5 {[%emt 0:07:41]} 46. Ra7+ {[%emt 0:00:43]} Kh8 {[%emt 0:00:25]} 47. h5 {[%emt 0:00:57]} Ra2 $16 {[%emt 0:01:23]} 1/2-1/2

[Event "USA-ch Girls 2017"]
[Site "Saint Louis"]
[Date "2017.07.16"]
[Round "8"]
[White "Gorti, Akshita"]
[Black "Feng, Maggie"]
[Result "1/2-1/2"]
[WhiteElo "2232"]
[BlackElo "2304"]
[Annotator "ChessBase"]
[PlyCount "52"]
[EventDate "2017.??.??"]
[EventType "tourn"]
[EventCountry "USA"]
[SourceTitle "playchess.com"]
[Source "ChessBase"]
[SourceQuality "1"]
[TimeControl "40/5400+30:1800+30"]

1. d4 {[%emt 0:00:00]} e6 {[%emt 0:00:16]} 2. c4 {[%emt 0:00:00]} f5 {[%emt 0:00:22]} 3. g3 {[%emt 0:00:02]} Nf6 {[%emt 0:00:16]} 4. Bg2 {[%emt 0:00:12]} c6 {[%emt 0:03:38]} 5. Nf3 {[%emt 0:00:22]} d5 {[%emt 0:00:08]} 6. O-O {[%emt 0:00:11]} Bd6 {[%emt 0:00:10]} 7. Nc3 {[%emt 0:00:17]} O-O {[%emt 0:00:40]} 8. Qc2 {[%emt 0:00:09]} Nbd7 {[%emt 0:04:46]} 9. cxd5 {[%emt 0:00:52]} cxd5 {[%emt 0:06:20]} 10. Nb5 {[%emt 0:01:30]} Bb8 {[%emt 0:00:07]} 11. Bf4 {[%emt 0:00:40]} Bxf4 {[%emt 0:05:30]} 12. gxf4 {[%emt 0:00:10]} Ne8 {[%emt 0:00:03]} 13. Rfc1 {[%emt 0:01:38]} Qb6 {[%emt 0:01:34]} 14. a4 {[%emt 0:12:54]} a6 {[%emt 0:01:18]} 15. Nc7 {[%emt 0:13:17]} Nxc7 {[%emt 0:03:49]} 16. Qxc7 {[%emt 0:00:22]} Qxb2 {[%emt 0:01:26]} 17. e3 {[%emt 0:11:47]} Qb6 {[%emt 0:04:14]} 18. a5 {[%emt 0:05:38]} Qxc7 {[%emt 0:01:22]} 19. Rxc7 {[%emt 0:00:02]} Rd8 {[%emt 0:11:22]} 20. Ng5 {[%emt 0:07:43]} Nf6 {[%emt 0:04:37]} 21. Rac1 {[%emt 0:03:21]} Ne8 {[%emt 0:00:39]} 22. Re7 {[%emt 0:00:48]} Kf8 {[%emt 0:00:04]} 23. Rf7+ {[%emt 0:00:11]} Kg8 {[%emt 0:00:04]} 24. Re7 {[%emt 0:00:20]} Kf8 {[%emt 0:00:04]} 25. Rf7+ {[%emt 0:00:09]} Kg8 {[%emt 0:00:07]} 26. Re7 {[%emt 0:00:09]} Kf8 1/2-1/2

[Event "USA-ch Girls 2017"]
[Site "Saint Louis"]
[Date "2017.07.16"]
[Round "8"]
[White "Nguyen, Emily"]
[Black "Ulrich, Rachel J"]
[Result "1/2-1/2"]
[WhiteElo "2048"]
[BlackElo "2049"]
[Annotator "NA"]
[PlyCount "98"]
[EventDate "2017.??.??"]
[EventType "tourn"]
[EventCountry "USA"]
[SourceTitle "playchess.com"]
[Source "ChessBase"]
[SourceQuality "1"]
[TimeControl "40/5400+30:1800+30"]

{[%evp 30,98,63,92,32767,51,81,32767,32767,32767,32767,32767,32767,32767,32767,32767,145,120,137,123,151,106,116,32767,32767,83,84,87,85,84,81,64,70,61,60,62,54,70,70,43,72,45,40,41,41,42,32767,32767,32767,32767,32767,32767,32767,32767,32767,32767,30,32767,35,37,30,35,37,37,35,0,8,0,0,0,0]} 1. d4 {[%emt 0:00:00]} d5 {[%emt 0:00:01]} 2. c4 {[%emt 0:00:00]} c6 {[%emt 0:00:02]} 3. Nf3 {[%emt 0:00:00]} Nf6 {[%emt 0:00:02]} 4. Nc3 {[%emt 0:00:00]} e6 {[%emt 0:00:04]} 5. e3 {[%emt 0:00:10]} a6 {[%emt 0:00:37]} 6. b3 {[%emt 0:00:55]} Bb4 {[%emt 0:00:09]} 7. Bd2 {[%emt 0:00:18]} Nbd7 {[%emt 0:00:08]} 8. Bd3 {[%emt 0:00:26]} O-O {[%emt 0:00:06]} 9. O-O {[%emt 0:00:30] D45: Semi-Slav: 5 e3} (9. Qc2 Qe7 10. Ne5 Nxe5 11. dxe5 Ng4 12. f4 f5 13. g3 Rd8 14. h3 Nxe3 15. Bxe3 d4 16. Bd2 dxc3 17. Bxc3 Bxc3+ 18. Qxc3 {0-1 (29) Topalov,V (2749)-Carlsen,M (2832) Paris 2017}) 9... Bd6 {[%emt 0:00:02]} 10. e4 {[%emt 0:02:25]} dxc4 {[%emt 0:03:53]} 11. bxc4 {[%emt 0:00:16]} e5 {[%emt 0:00:03]} 12. d5 {[%emt 0:05:35]} Nc5 {[%emt 0:00:41]} 13. Bc2 {[%emt 0:00:52] [#]} Qc7 $146 {[%emt 0:01:14]} ({Predecessor:} 13... cxd5 14. cxd5 Bg4 15. h3 Bh5 16. a4 Rc8 {1-0 (55) Drozdovskij,Y (2561)-Malakhatko,V (2617) Warsaw 2006}) 14. h3 {[%emt 0:09:51]} b5 {[%emt 0:07:53]} 15. Bg5 {[%emt 0:13:12]} Nfd7 {[%emt 0:05:20]} (15... b4 $1 $15 16. Bxf6 bxc3) 16. dxc6 {[%emt 0:08:07]} Qxc6 {[%emt 0:00:06]} 17. cxb5 {[%emt 0:00:52]} axb5 {[%emt 0:00:06]} 18. Nxb5 {[%emt 0:01:32]} Qxb5 {[%emt 0:00:10]} 19. Qxd6 {[%emt 0:00:08]} Qc4 {[%emt 0:00:13]} 20. Rfc1 {[%emt 0:17:13]} Rxa2 {[%emt 0:04:22]} 21. Rxa2 {[%emt 0:04:14]} Qxa2 {[%emt 0:00:07]} 22. Nxe5 {[%emt 0:00:42]} Qe6 {[%emt 0:28:57]} 23. Be7 {[%emt 0:07:15]} Re8 {[%emt 0:02:10]} 24. Nxd7 {[%emt 0:01:05]} Qxd7 {[%emt 0:01:11]} 25. Qxc5 {[%emt 0:00:47]} Qxe7 {[%emt 0:00:13]} 26. Bb3 {[%emt 0:08:39]} Bb7 {[%emt 0:06:30]} 27. Bd5 {[%emt 0:05:50]} Qxc5 {[%emt 0:01:17]} 28. Rxc5 {[%emt 0:00:05]} Bxd5 {[%emt 0:00:17]} 29. Rxd5 {[%emt 0:02:12]} g6 {[%emt 0:00:17]} 30. e5 {[%emt 0:01:03]} h5 {[%emt 0:00:05]} 31. f4 {[%emt 0:01:03]} Rb8 {[%emt 0:00:07]} 32. Kf2 {[%emt 0:02:29]} Rb3 {[%emt 0:00:18]} 33. Rd2 {[%emt 0:01:15]} Kf8 {[%emt 0:02:43]} 34. Re2 {[%emt 0:00:25]} Ke7 {[%emt 0:00:09]} 35. Re3 {[%emt 0:00:10]} Rb4 {[%emt 0:00:51]} 36. Kf3 {[%emt 0:00:12]} f6 {[%emt 0:02:43]} 37. g4 {[%emt 0:03:07]} hxg4+ {[%emt 0:00:23]} 38. hxg4 {[%emt 0:00:30]} fxe5 {[%emt 0:03:26]} 39. Rxe5+ {[%emt 0:01:17]} Kf6 {[%emt 0:00:15]} 40. g5+ {[%emt 0:00:00]} Kf7 {[%emt 0:00:07]} 41. Ra5 {[%emt 0:03:22]} Rb1 {[%emt 0:00:24]} 42. Ra7+ {[%emt 0:00:16]} Kf8 {[%emt 0:01:23]} 43. Ra6 {[%emt 0:00:58]} Kg7 {[%emt 0:00:13]} 44. Rf6 {[%emt 0:00:09]} Rb3+ {[%emt 0:00:49]} 45. Ke4 {[%emt 0:00:11]} Rb4+ 46. Kd5 {[%emt 0:00:41]} Rb5+ {[%emt 0:00:11]} 47. Kc6 {[%emt 0:00:34]} (47. Kc4 $5 {[%cal Rc4b5]} Ra5 48. Kd4 $14) 47... Ra5 {[%emt 0:00:15]} 48. Rd6 {[%emt 0:01:00]} Ra4 {[%emt 0:00:29]} 49. Rd7+ $11 {[%emt 0:00:56]} (49. f5 $5 Ra6+ 50. Kd7 Rxd6+ 51. Kxd6 gxf5 52. Ke5 $11) 49... Kf8 {[%emt 0:00:13]} 1/2-1/2

[Event "USA-ch Girls 2017"]
[Site "Saint Louis"]
[Date "2017.07.16"]
[Round "8"]
[White "Bykovtsev, Agata"]
[Black "Eswaran, Ashritha"]
[Result "1/2-1/2"]
[WhiteElo "2045"]
[BlackElo "2086"]
[Annotator "NA RC"]
[PlyCount "51"]
[EventDate "2017.??.??"]
[EventType "tourn"]
[EventCountry "USA"]
[SourceTitle "playchess.com"]
[Source "ChessBase"]
[SourceQuality "1"]
[TimeControl "40/5400+30:1800+30"]

1. e4 {[%emt 0:00:00]} c5 {[%emt 0:00:07]} 2. Nf3 {[%emt 0:00:00]} a6 {[%emt 0:00:09]} 3. c3 {[%emt 0:01:14]} g6 {[%emt 0:00:12]} 4. d4 {[%emt 0:03:07]} cxd4 {[%emt 0:00:16] B28: Sicilian: 2 Nf3 a6 (O'Kelly Variation)} 5. cxd4 {[%emt 0:00:19]} d5 {[%emt 0:00:28]} 6. e5 {[%emt 0:01:41]} Bg4 {[%emt 0:00:37]} 7. Be2 {[%emt 0:03:50]} Nc6 {[%emt 0:01:49]} 8. O-O {[%emt 0:15:20]} (8. h3 Bxf3 9. Bxf3 e6 10. O-O Qb6 11. Be3 Qxb2 12. Nd2 {1-0 (35) Kosintseva,T (2496)-Cramling,P (2525) Beijing 2013}) 8... Bxf3 {[%emt 0:01:46]} 9. Bxf3 {[%emt 0:00:16]} e6 {[%emt 0:00:29]} 10. Nc3 {[%emt 0:08:59]} Nge7 {[%emt 0:02:40]} 11. Bg5 {[%emt 0:04:31]} Qb6 {[%emt 0:02:03]} 12. Bf6 {[%emt 0:05:26]} Rg8 $146 {[%emt 0:00:47]} 13. Bxe7 {[%emt 0:02:39]} Bxe7 {[%emt 0:01:17]} 14. Ne2 {[%emt 0:01:55]} Kf8 {[%emt 0:06:29]} 15. Qd2 {[%emt 0:00:59]} Kg7 {[%emt 0:00:33]} 16. Rfd1 {[%emt 0:02:41]} Rgf8 {[%emt 0:02:54]} 17. b3 {[%emt 0:12:06]} Rae8 {[%emt 0:06:16]} 18. Nf4 {[%emt 0:03:51]} Bd8 {[%emt 0:04:05]} 19. Qe3 {[%emt 0:04:39]} Qa7 {[%emt 0:07:21]} 20. Rac1 {[%emt 0:02:57]} Bb6 {[%emt 0:01:32]} 21. Nh5+ $11 {[%emt 0:13:03]} gxh5 {[%emt 0:03:52]} 22. Qg5+ {[%emt 0:00:04]} Kh8 {[%emt 0:00:08]} 23. Qf6+ {[%emt 0:00:11]} Kg8 {[%emt 0:00:06]} 24. Qg5+ {[%emt 0:05:27]} Kh8 {[%emt 0:00:06]} 25. Qf6+ {[%emt 0:00:09]} Kg8 {[%emt 0:00:07]} 26. Qg5+ {[%emt 0:02:35]} 1/2-1/2

[Event "USA-ch Girls 2017"]
[Site "Saint Louis"]
[Date "2017.07.16"]
[Round "8"]
[White "Cervantes Landeiro, Thalia"]
[Black "Yip, Carissa"]
[Result "1-0"]
[WhiteElo "2032"]
[BlackElo "2261"]
[Annotator "RC"]
[PlyCount "69"]
[EventDate "2017.??.??"]
[EventType "tourn"]
[EventCountry "USA"]
[SourceTitle "playchess.com"]
[Source "ChessBase"]
[SourceQuality "1"]
[TimeControl "40/5400+30:1800+30"]

1. d4 {[%emt 0:00:00]} d5 {[%emt 0:00:09]} 2. c4 {[%emt 0:01:37]} e6 {[%emt 0:00:05]} 3. Nc3 {[%emt 0:00:05]} Bb4 {[%emt 0:00:04]} 4. e3 {[%emt 0:00:36]} Nf6 {[%emt 0:00:09]} 5. cxd5 {[%emt 0:00:10]} exd5 {[%emt 0:00:09]} 6. Bd3 {[%emt 0:00:07]} O-O {[%emt 0:00:29]} 7. Nge2 {[%emt 0:00:05]} b6 {[%emt 0:01:46]} 8. O-O {[%emt 0:00:52]} Ba6 {[%emt 0:00:48]} 9. Bxa6 {[%emt 0:07:32]} Nxa6 {[%emt 0:00:05]} 10. Qd3 {[%emt 0:02:05]} Qc8 {[%emt 0:02:49]} 11. a3 {[%emt 0:01:38]} Be7 {[%emt 0:01:07]} 12. b4 {[%emt 0:01:33]} Rd8 {[%emt 0:14:35]} 13. b5 {[%emt 0:02:21]} Nb8 {[%emt 0:00:08]} 14. a4 {[%emt 0:01:20]} c5 {[%emt 0:02:53]} 15. dxc5 {[%emt 0:03:05]} Bxc5 {[%emt 0:11:02]} 16. Bb2 {[%emt 0:02:06]} Qg4 {[%emt 0:11:52]} 17. h3 {[%emt 0:05:07]} Qg5 {[%emt 0:03:06]} 18. Rad1 {[%emt 0:06:21]} Rd6 {[%emt 0:06:23]} 19. Nf4 {[%emt 0:07:06]} Nbd7 {[%emt 0:09:17]} 20. Ncxd5 {[%emt 0:03:55]} Nxd5 {[%emt 0:02:59]} 21. Nxd5 {[%emt 0:00:20]} Rd8 {[%emt 0:00:49]} 22. Qe4 {[%emt 0:11:45]} Kh8 {[%emt 0:07:07]} 23. Nf4 {[%emt 0:04:09]} Nf6 {[%emt 0:01:19]} 24. Qf3 {[%emt 0:06:15]} h6 {[%emt 0:09:14]} 25. Rxd6 {[%emt 0:01:25]} Rxd6 {[%emt 0:00:01]} 26. Qa8+ {[%emt 0:11:36]} Kh7 {[%emt 0:00:16]} 27. Qxa7 {[%emt 0:01:17]} Kg8 {[%emt 0:02:37]} 28. Qa8+ {[%emt 0:03:46]} Kh7 {[%emt 0:00:03]} 29. Qf3 {[%emt 0:00:09]} Qf5 {[%emt 0:02:28]} 30. Rd1 {[%emt 0:02:52]} g5 {[%emt 0:04:55]} 31. g4 {[%emt 0:05:12]} Qc2 {[%emt 0:03:48]} 32. Rxd6 {[%emt 0:00:25]} Qxb2 {[%emt 0:01:47]} 33. Nd5 {[%emt 0:04:26]} Bxd6 {[%emt 0:01:19]} 34. Nxf6+ {[%emt 0:00:21]} Kh8 {[%emt 0:01:10]} 35. Qa8+ {[%emt 0:01:08]} 1-0

[Event "USA-ch Girls 2017"]
[Site "Saint Louis"]
[Date "2017.07.16"]
[Round "8"]
[White "Wang, Annie"]
[Black "Virkud, Apurva"]
[Result "1-0"]
[WhiteElo "2023"]
[BlackElo "2213"]
[Annotator "NA"]
[PlyCount "37"]
[EventDate "2017.??.??"]
[EventType "tourn"]
[EventCountry "USA"]
[SourceTitle "playchess.com"]
[Source "ChessBase"]
[SourceQuality "1"]
[TimeControl "40/5400+30:1800+30"]

1. d4 {[%emt 0:00:00]} d5 {[%emt 0:00:06]} 2. c4 {[%emt 0:00:00]} e6 {[%emt 0:00:06]} 3. Nc3 {[%emt 0:00:00]} Be7 {[%emt 0:00:07]} 4. Nf3 {[%emt 0:00:00]} Nf6 {[%emt 0:00:08]} 5. Bf4 {[%emt 0:00:00]} O-O {[%emt 0:00:13]} 6. e3 {[%emt 0:00:08]} c5 {[%emt 0:00:07]} 7. dxc5 {[%emt 0:00:11]} Bxc5 {[%emt 0:00:12]} 8. Qc2 $14 {[%emt 0:00:18] LiveBook: 737 Games} Nc6 {[%emt 0:00:31]} 9. a3 {[%emt 0:00:11]} Qa5 {[%emt 0:00:32]} 10. Rd1 {[%emt 0:00:10]} Be7 {[%emt 0:00:41]} 11. Be2 {[%emt 0:00:13]} a6 {[%emt 0:01:27]} 12. O-O {[%emt 0:03:30]} dxc4 {[%emt 0:01:21]} 13. Bxc4 {[%emt 0:01:02]} h6 {[%emt 0:05:15]} 14. Ne4 {[%emt 0:09:22]} e5 {[%emt 0:06:23]} 15. b4 {[%emt 0:21:39]} Qxa3 {[%emt 0:02:07]} 16. Nxe5 {[%emt 0:00:46]} Nxe5 {[%emt 0:06:14]} 17. Bxe5 {[%emt 0:00:17]} Nxe4 {[%emt 0:02:17]} 18. Qxe4 {[%emt 0:00:14]} Qxb4 {[%emt 0:01:09]} 19. Qg6 1-0

[Event "USA-ch Girls 2017"]
[Site "Saint Louis"]
[Date "2017.07.17"]
[Round "9"]
[White "Feng, Maggie"]
[Black "Bykovtsev, Agata"]
[Result "1/2-1/2"]
[WhiteElo "2304"]
[BlackElo "2045"]
[Annotator "TA"]
[PlyCount "62"]
[EventDate "2017.??.??"]
[EventType "tourn"]
[EventCountry "USA"]
[SourceTitle "playchess.com"]
[Source "ChessBase"]
[SourceQuality "1"]

{[%evp 39,62,14,0,0,0,0,0,-90,-75,-62,-76,-251,0,0,0,0,0,0,0,0,0,0,0,0,7]} 1. d4 Nf6 2. c4 g6 3. Nf3 Bg7 4. g3 d6 5. Bg2 O-O 6. O-O c5 7. Nc3 Nc6 8. d5 Na5 9. Nd2 a6 10. Qc2 Rb8 11. b3 b5 12. Bb2 bxc4 13. bxc4 Bh6 14. f4 e5 15. dxe6 Bxe6 16. Nd5 Rxb2 17. Qxb2 Bg7 18. Qa3 Nxc4 19. Nxc4 Nxd5 20. Rac1 Nb4 {LiveBook: 25 Games} 21. e4 {E66: King's Indian: Fianchetto: 6...c5 7 0-0 Nc6 8 d5} (21. Rfd1 d5 22. Nb2 Qb8 23. Na4 c4 24. Kh1 Rc8 25. Rb1 a5 26. Nc3 d4 27. Nd5 Bxd5 28. Bxd5 Qb5 29. Bf3 c3 30. Rxb4 axb4 31. Qb3 d3 32. exd3 c2 33. Rc1 Rc3 34. Qd5 Qxd3 35. Kg2 Qe3 {0-1 (35) Nyzhnyk,I (2585)-Baryshpolets,A (2486) Kiev 2012}) 21... Bd4+ 22. Kh1 {[%cal Bg1h1,Bh1g2,Bg2f2][%mdl 32]} d5 23. Nd2 {[#]} (23. exd5 $11 {keeps the balance.} Bxd5 24. Bxd5 Qxd5+ 25. Qf3) 23... dxe4 $1 $17 24. Nxe4 Bd5 $146 {Threatens to win with ...Qa8.} ({Predecessor:} 24... Nxa2 25. Rcd1 Qb6 26. Rxd4 cxd4 27. Nf6+ Kg7 28. f5 Bxf5 {½-½ (43) Tregubov,P (2440)-Zimmerman,Y (2280) Balatonbereny 1992}) 25. Nxc5 $2 {[#]} (25. Rfe1 $17) 25... Bxg2+ $2 (25... Re8 $1 $19 {[%cal Re8e3]} 26. Ne4 (26. Qxb4 $2 Bxg2+ 27. Kxg2 Qd5+ 28. Ne4 Qxe4+ 29. Rf3 Qe2+ 30. Kh3 Qxf3 $19) 26... Bxe4 27. Bxe4 Rxe4) 26. Kxg2 $11 {The position is equal.} Qd5+ 27. Qf3 {And now Nb3 would win.} Bxc5 28. Qxd5 Nxd5 29. Rxc5 Ne3+ 30. Kf2 Nxf1 31. Kxf1 Rb8 1/2-1/2